00815nam a2200229 a 4500001001000000003000900010005001700019007001000036008004100046020001800087040002200105082002100127100002400148245006700172260004500239300003700284500006200321504002800383651004800411651006100459651006500520000037719DO-SdBNP20171013115439.0000037719121115s2012 dr ac 000 0 spa d a9789945452426 aBPMSUbspacBPMSU a972.93053bF316d1 aFéliz, Victoriano10aDe Trujillo a la democracia (1930-2008) /cVictoriano Féliz. aSanto Domingo :bEl Nuevo Diario,c2012. a151 p. :bils., retrs. ;c22 cm. aIncluye datos biográficos del autor en la contraportada aBibliografía : p. 151 4aREPÚBLICA DOMINICANAxHISTORIAy1930-2010 4aREPÚBLICA DOMINICANAxPOLÍTICA Y GOBIERNOy1930-2010 4aREPÚBLICA DOMINICANAxHISTORIAyERA DE TRUJILLO, 1930-1961